| 000 | 00691nam a2200241Ia 4500 | ||
|---|---|---|---|
| 003 | OSt | ||
| 005 | 20220928113617.0 | ||
| 006 | a|||||r|||| 00| 0 | ||
| 007 | ta | ||
| 008 | 220927b |||||||| |||| 00| 0 eng d | ||
| 024 | _a54207 | ||
| 037 | _cTextual | ||
| 040 |
_aSDCL _cSDCL _beng |
||
| 041 |
_2eng _aeng |
||
| 082 | _aY:5:5(Y).41'N7, L9 | ||
| 100 |
_aOrleans Leo A Ed. _9434033 |
||
| 245 | 0 | _aChinese approaches to family planning | |
| 260 |
_aNew York _b Macmillan Press _c1979 |
||
| 300 |
_avii,224p _ccm. |
||
| 700 |
_a Dunn Robert Tr. _9434034 |
||
| 942 |
_hY:5:5(Y).41'N7, L9 _cTEXL _2CC |
||
| 999 |
_c750431 _d750431 |
||